<?xml version="1.0" encoding="UTF-8"?>
<record
    xmlns:xsi="http://www.w3.org/2001/XMLSchema-instance"
    xsi:schemaLocation="http://www.loc.gov/MARC21/slim http://www.loc.gov/standards/marcxml/schema/MARC21slim.xsd"
    xmlns="http://www.loc.gov/MARC21/slim">

  <leader>00778nab a2200217 uc4500</leader>
  <controlfield tag="001">651216</controlfield>
  <controlfield tag="005">20240510090417.0</controlfield>
  <controlfield tag="008">010309e19971001                    spa  </controlfield>
  <datafield tag="035" ind1=" " ind2=" ">
    <subfield code="a">651216</subfield>
  </datafield>
  <datafield tag="035" ind1=" " ind2=" ">
    <subfield code="a">(OCoLC)819900229</subfield>
  </datafield>
  <datafield tag="040" ind1=" " ind2=" ">
    <subfield code="c">comduadb</subfield>
  </datafield>
  <datafield tag="041" ind1=" " ind2=" ">
    <subfield code="a">spa</subfield>
  </datafield>
  <datafield tag="100" ind1="1" ind2="0">
    <subfield code="a">Nistal Bartolome, Jose Manuel</subfield>
    <subfield code="4">aut</subfield>
    <subfield code="e">aut</subfield>
    <subfield code="9">517190</subfield>
  </datafield>
  <datafield tag="245" ind1="1" ind2="0">
    <subfield code="a">HITO. Herramienta integrada para una total optimizacion</subfield>
  </datafield>
  <datafield tag="650" ind1=" " ind2=" ">
    <subfield code="a">Sistemas expertos (computadores)</subfield>
    <subfield code="9">158037</subfield>
  </datafield>
  <datafield tag="650" ind1=" " ind2="7">
    <subfield code="a">Control de procesos</subfield>
    <subfield code="2">lemb</subfield>
    <subfield code="9">20387</subfield>
  </datafield>
  <datafield tag="650" ind1=" " ind2=" ">
    <subfield code="a">HITO (Sistema integrado de optimizaci&#xF3;n y control)</subfield>
    <subfield code="9">72198</subfield>
  </datafield>
  <datafield tag="650" ind1=" " ind2="7">
    <subfield code="a">Mejoramiento de procesos</subfield>
    <subfield code="2">lemb</subfield>
    <subfield code="9">108954</subfield>
  </datafield>
  <datafield tag="773" ind1="0" ind2=" ">
    <subfield code="t">Alimentaci&#xF3;n, Equipos y Tecnolog&#xED;a (Madrid)</subfield>
    <subfield code="g">Vol. 16, No. 08, Oct. 1997, p. 129-133</subfield>
    <subfield code="w">6916</subfield>
    <subfield code="x">0212-1689</subfield>
    <subfield code="0">3171</subfield>
  </datafield>
  <datafield tag="942" ind1=" " ind2=" ">
    <subfield code="c">ARIMP</subfield>
  </datafield>
  <datafield tag="999" ind1=" " ind2=" ">
    <subfield code="c">188444</subfield>
    <subfield code="d">188444</subfield>
  </datafield>
</record>
